| 000 | 01073cam a22002894a 4500 | ||
|---|---|---|---|
| 001 | 12806988 | ||
| 005 | 20160622123114.0 | ||
| 008 | 020607s2003 enkab |rb 001 0 eng | ||
| 010 | _a 2002075981 | ||
| 020 | _a027364663X (pbk.) | ||
| 040 |
_aDLC _cDLC _dDLC |
||
| 042 | _apcc | ||
| 050 | 0 | 0 |
_aHD31 _b.S3623 2003 |
| 082 | 0 | 0 |
_a658.30089 _222 _bSCH |
| 100 | 1 |
_aSchneider, Susan C. _912025 |
|
| 245 | 1 | 0 |
_aManaging across Cultures / _cSusan C. Schneider and Jean-Louis Barsoux. |
| 250 | _a2nd ed. | ||
| 260 |
_aHarlow, England ; _aNew York : _bFinancial Times Prentice Hall, 2003 _c2003. |
||
| 300 |
_axvii, 330 p. : _bill., map ; _c24 cm. |
||
| 504 | _aIncludes bibliographical references and index. | ||
| 650 | 0 |
_aManagement _xSocial aspects. _912026 |
|
| 650 | 0 |
_aInternational business enterprises _xManagement _xSocial aspects. _912027 |
|
| 650 | 0 |
_912028 _aIntercultural communication |
|
| 700 | 1 |
_aBarsoux, Jean-Louis. _912029 |
|
| 942 |
_2ddc _cNB |
||
| 999 |
_c13539 _d13539 |
||